| 000 | 00467nam a22001697a 4500 | ||
|---|---|---|---|
| 003 | NUST - PNEC | ||
| 005 | 20170116180756.0 | ||
| 008 | 150404b xxu||||| |||| 00| 0 eng d | ||
| 040 | _cLIBRARY | ||
| 082 | _a080 JAV | ||
| 100 |
_92097 _aJaved Iqbal |
||
| 245 |
_aAzeem Loogon Ki Sunehri Baatein _cJaved Iqbal |
||
| 260 |
_aLahore: _bAl-Asar Publications, _cc2012. |
||
| 300 |
_a384 p.: _c22 cm. |
||
| 650 |
_92098 _aLiterature, Human life _xGeneral |
||
| 942 |
_2ddc _cBK |
||
| 999 |
_c62752 _d62752 |
||